00634nam a22001937a 450000500170000000800410001704000070005804100120006508200220007710000150009924501100011426000480022430000320027265000310030465000460033565000190038170000150040070000250041520220602115924.0220524b ||||| |||| 00| 0 eng d cAL aEnglish 223a954.035bKRIS aKrishnadas aSeven Months with Mahatma Gandhi: Being an Inside View of the Indian Nonco-operation Movement of 1921-22 aAhmedabadbNavajivan Publishing Housec1951 axii,272 p.bPBc21.5x14 cm. aGandhi, Mahatma, 1869-1948 aIndia--Politics and government--1919-1947 aMahatma Gandhi aKRISHNADAS aGREGG (Richard B) Ed